000 00638nam a2200181Ia 4500
005 20250507130155.0
008 008 250505s9999 xx 000 0 eng d
037 _aTHE
040 _aEASL
_beng
_cEASL
041 _aeng
_2eng
084 _a0000184, KIP
_qEASL
100 _aKipgen Kimsen
_9675316
245 0 _aCase for the Bangladesh-China- India- Myanmar forum for regional cooperation: A nascent transnational body? Dr. Janardan Sahu
260 _aIndia
_bUniversity of delhi. Social Sciences. East Asian Studies (Delhi India)
_c2014
300 _a141p.
942 _cThe
_h0000184, KIP
999 _c1318099
_d1318099